Conciencia y realidad : estudio sobre la metafísica advaita con la Mandukya Upanisad, las Karika de Gaudapada y comentarios de Sánkara /

Estudio y compendio de textos sagrados del hinduísmo, que plantean una metafísica, un modo de apropiarse de la realidad, radicalmente distinto de la tradición occidental.

Uloženo v:
Podrobná bibliografie
Hlavní autor: Martín, Consuelo (autor)
Médium: Kniha
Jazyk:španělština
Vydáno: Madrid, España : Trotta, 1998, c1998
Edice:(Estructuras y Procesos. Filosofía)
Témata:
Tagy: Přidat tag
Žádné tagy, Buďte první, kdo vytvoří štítek k tomuto záznamu!

MARC

LEADER 00000nam^a2200000^a^4500
001 000126235
005 20250521000000.0
009 20260310094719.345
020 |a 84-8164-269-X 
037 |a Acervo ITESO - Biblioteca 
041 |a ESP 
082 |a 294. 592  |b MAR 
100 |a Martín, Consuelo  |e (autor) 
245 1 0 |a Conciencia y realidad :  |b estudio sobre la metafísica advaita con la Mandukya Upanisad, las Karika de Gaudapada y comentarios de Sánkara /  |c C. Martín. 
264 4 |a Madrid, España :  |b Trotta,  |c 1998, c1998 
300 |a 229 p. 
336 |a texto  |b txt  |2 rdacontenido 
337 |a sin mediación  |b n  |2 rdamedio 
338 |a volumen  |b nc  |2 rdasoporte 
440 1 |a (Estructuras y Procesos.  |p Filosofía) 
520 |a Estudio y compendio de textos sagrados del hinduísmo, que plantean una metafísica, un modo de apropiarse de la realidad, radicalmente distinto de la tradición occidental. 
649 |a XX 
650 |a Realidad 
650 |a Conciencia 
650 |a Metafísica 
650 |a Advaita 
650 |a Upanishads 
650 |a Hinduismo 
650 |a Brahmanismo 
650 |a Filosofías Orientales 
650 |a Religión 
910 |a Fondo General 
920 |a Impresos - Libros 
930 |a Colección General 
905 |a 101 
901 |a 0500058576  |b IT1  |c ACC  |u 20250521 
902 |a https://opac.biblio.iteso.mx/vufind/Record/000126235